MyGZULibrary

The good research guide : (Record no. 1251)

MARC details
000 -LEADER
fixed length control field 01213cam a22002894a 4500
001 - CONTROL NUMBER
control field 14895073
003 - CONTROL NUMBER IDENTIFIER
control field GZU
005 - DATE AND TIME OF LATEST TRANSACTION
control field 20201001100151.0
008 - FIXED-LENGTH DATA ELEMENTS--GENERAL INFORMATION
fixed length control field 070618r2006 enka bf 001 0 eng
010 ## - LIBRARY OF CONGRESS CONTROL NUMBER
LC control number 2007276595
020 ## - INTERNATIONAL STANDARD BOOK NUMBER
International Standard Book Number 0335213030 (pbk.)
020 ## - INTERNATIONAL STANDARD BOOK NUMBER
International Standard Book Number 9780335241385
040 ## - CATALOGING SOURCE
Original cataloging agency DLC
Transcribing agency DLC
Modifying agency DLC
050 00 - LIBRARY OF CONGRESS CALL NUMBER
Classification number H61
Item number .DEN 2010
100 1# - MAIN ENTRY--PERSONAL NAME
Personal name Denscombe, Martyn.
Relator term author
245 14 - TITLE STATEMENT
Title The good research guide :
Remainder of title for small-scale social research projects /
Statement of responsibility, etc. Martyn Denscombe.
250 ## - EDITION STATEMENT
Edition statement 4th ed.
260 ## - PUBLICATION, DISTRIBUTION, ETC.
Place of publication, distribution, etc. Maidenhead, Berkshire, England ;
-- New York :
Name of publisher, distributor, etc. Open University Press,
Date of publication, distribution, etc. c2010
Date of manufacture (2006 printing)
300 ## - PHYSICAL DESCRIPTION
Extent xii, 373p. :
Other physical details ill. ;
Dimensions 23 cm.
504 ## - BIBLIOGRAPHY, ETC. NOTE
Bibliography, etc. note Includes bibliographical references and index.
650 #0 - SUBJECT ADDED ENTRY--TOPICAL TERM
Topical term or geographic name entry element Social sciences
General subdivision Methodology
-- Handbooks, manuals, etc.
856 42 - ELECTRONIC LOCATION AND ACCESS
Materials specified Contributor biographical information
Uniform Resource Identifier <a href="http://www.loc.gov/catdir/enhancements/fy0737/2007276595-b.html">http://www.loc.gov/catdir/enhancements/fy0737/2007276595-b.html</a>
856 42 - ELECTRONIC LOCATION AND ACCESS
Materials specified Publisher description
Uniform Resource Identifier <a href="http://www.loc.gov/catdir/enhancements/fy0737/2007276595-d.html">http://www.loc.gov/catdir/enhancements/fy0737/2007276595-d.html</a>
856 41 - ELECTRONIC LOCATION AND ACCESS
Materials specified Table of contents only
Uniform Resource Identifier <a href="http://www.loc.gov/catdir/enhancements/fy0737/2007276595-t.html">http://www.loc.gov/catdir/enhancements/fy0737/2007276595-t.html</a>
906 ## - LOCAL DATA ELEMENT F, LDF (RLIN)
a 7
b cbc
c origcop
d 2
e ncip
f 20
g y-gencatlg
942 ## - ADDED ENTRY ELEMENTS (KOHA)
Source of classification or shelving scheme Library of Congress Classification
Koha item type Books
Edition 4th ed.
Classification part 61
Item part DEN
Call number prefix H
Holdings
Withdrawn status Lost status Source of classification or shelving scheme Damaged status Not for loan Collection code Home library Current library Shelving location Date acquired Total Checkouts Full call number Barcode Date last seen Copy number Price effective from Koha item type
    Library of Congress Classification     Non-fiction City Campus Library City Campus Library General Stacks 08/10/2011   H61 DEN 2010 G21982 10/01/2020 c. 1 10/01/2020 Books